[Event "NatWest Young Masters 2nd"]
[Site "London, Bayswater"]
[Date "1985.09.07"]
[Round "1"]
[White "Bradbury, Neil H"]
[Black "Botterill, George Steven"]
[Result "1-0"]
[WhiteElo "2335"]
[BlackElo "2415"]
[PlyCount "69"]
[EventDate "1985.09.07"]
[EventRounds "9"]
[EventCountry "ENG"]
[EventCategory "6"]
[SourceTitle "BritBase"]
[Source "John Saunders"]
[SourceDate "2020.09.07"]
[SourceVersion "1"]
[SourceVersionDate "2020.09.07"]
[SourceQuality "2"]

1. d4 Nf6 2. c4 e6 3. Nf3 d5 4. Nc3 c6 5. g3 Nbd7 6. Bg2 Be7 7. O-O O-O 8. Qd3
b6 9. cxd5 cxd5 10. Bf4 a6 11. Rac1 Bb7 12. Rc2 Nh5 13. Bd2 f5 14. Qe3 Rf6 15.
Ng5 Nf8 16. Qf3 Qe8 17. h4 h6 18. Nh3 Nd7 19. Nf4 Nxf4 20. Bxf4 Rf8 21. Qe3 Qf7
22. Nb1 Rac8 23. Rfc1 Nf6 24. Rc7 Rxc7 25. Rxc7 Bc8 26. Nd2 Qe8 27. Nf3 Ne4 28.
Qc1 Bd7 29. Ne5 Bb5 30. Bxe4 fxe4 31. Bxh6 gxh6 32. Qxh6 Rf6 33. Qg5+ Kh8 34.
h5 {(Rxe7!)} Qf8 35. Rxe7 1-0

[Event "NatWest Young Masters 2nd"]
[Site "London, Bayswater"]
[Date "1985.09.07"]
[Round "1"]
[White "Norwood, David"]
[Black "Whiteley, Andrew J"]
[Result "1-0"]
[WhiteElo "2445"]
[BlackElo "2370"]
[PlyCount "53"]
[EventDate "1985.09.07"]
[EventRounds "9"]
[EventCountry "ENG"]
[EventCategory "6"]
[SourceTitle "BritBase"]
[Source "John Saunders"]
[SourceDate "2020.09.07"]
[SourceVersion "1"]
[SourceVersionDate "2020.09.07"]
[SourceQuality "2"]

1. g3 Nf6 2. Bg2 d5 3. Nf3 g6 4. O-O Bg7 5. d3 O-O 6. Nc3 Nbd7 7. e4 dxe4 8.
dxe4 e5 9. h3 c6 10. Be3 Qe7 11. Qe2 b5 12. Ne1 b4 13. Na4 a5 14. Nd3 Ba6 15.
Rfd1 Bb5 16. Nb6 Nxb6 17. Bxb6 c5 $2 18. Qe3 $1 Bxd3 19. Bxc5 Qc7 20. Bxf8 Bxf8
21. cxd3 Bc5 22. Rac1 Rc8 23. d4 exd4 24. Rxd4 Re8 25. Qg5 Qe5 26. Qxe5 Rxe5
27. Rd5 1-0

[Event "NatWest Young Masters 2nd"]
[Site "London, Bayswater"]
[Date "1985.09.07"]
[Round "1"]
[White "Pein, Malcolm"]
[Black "De Wit, Jan"]
[Result "1/2-1/2"]
[WhiteElo "2360"]
[BlackElo "2390"]
[PlyCount "54"]
[EventDate "1985.09.07"]
[EventRounds "9"]
[EventCountry "ENG"]
[EventCategory "6"]
[SourceTitle "BritBase"]
[Source "John Saunders"]
[SourceDate "2020.09.07"]
[SourceVersion "1"]
[SourceVersionDate "2020.09.07"]
[SourceQuality "2"]

1. d4 Nf6 2. c4 g6 3. Nc3 d5 4. cxd5 Nxd5 5. e4 Nxc3 6. bxc3 Bg7 7. Bc4 O-O 8.
Ne2 b6 9. h4 Nc6 10. Bd5 Qd7 11. h5 e6 12. Bb3 Na5 13. hxg6 hxg6 14. Bh6 Bxh6
15. Rxh6 Kg7 16. Qd2 Ba6 17. Ng3 Qe7 18. Rh1 Rh8 19. O-O-O Qa3+ 20. Qb2 Qxb2+
21. Kxb2 Rxh1 22. Rxh1 Rd8 23. Rd1 e5 24. Kc2 Nc6 25. Bd5 Bb5 26. Bxc6 Bxc6 27.
Kb3 f5 1/2-1/2

[Event "NatWest Young Masters 2nd"]
[Site "London, Bayswater"]
[Date "1985.09.07"]
[Round "1"]
[White "Condie, Mark L"]
[Black "Hawksworth, John C"]
[Result "1/2-1/2"]
[WhiteElo "2405"]
[BlackElo "2370"]
[PlyCount "34"]
[EventDate "1985.09.07"]
[EventRounds "9"]
[EventCountry "ENG"]
[EventCategory "6"]
[SourceTitle "BritBase"]
[Source "John Saunders"]
[SourceDate "2020.09.07"]
[SourceVersion "1"]
[SourceVersionDate "2020.09.07"]
[SourceQuality "2"]

1. e4 e6 2. d3 d5 3. Nd2 Nf6 4. Ngf3 c5 5. c3 Nc6 6. Be2 Bd6 7. O-O O-O 8. Re1
Qc7 9. a3 b5 10. b4 cxb4 11. axb4 a5 12. bxa5 Rxa5 13. Bb2 Be7 14. Qc2 Qb6 15.
Rec1 Bb7 16. Nb3 Raa8 17. Nfd2 Rfc8 1/2-1/2

[Event "NatWest Young Masters 2nd"]
[Site "London, Bayswater"]
[Date "1985.09.07"]
[Round "1"]
[White "Morrison, Graham"]
[Black "Wells, Peter K"]
[Result "1/2-1/2"]
[WhiteElo "2335"]
[BlackElo "2365"]
[PlyCount "26"]
[EventDate "1985.09.07"]
[EventRounds "9"]
[EventCountry "ENG"]
[EventCategory "6"]
[SourceTitle "BritBase"]
[Source "John Saunders"]
[SourceDate "2020.09.07"]
[SourceVersion "1"]
[SourceVersionDate "2020.09.07"]
[SourceQuality "2"]

1. c4 Nf6 2. Nf3 b6 3. g3 Bb7 4. Bg2 c5 5. O-O g6 6. b3 Bg7 7. Bb2 O-O 8. Nc3
e6 9. d4 cxd4 10. Qxd4 d5 $2 11. Rfd1 $2 {(11.cd! Nxd5? 12.Qxg7+!! Kxg7 13.
Nxd5+ f6 14. Nxf6 Rxf6 15.Ng5 Qc8 16.Rac1 Nc6 17.Ne4 e5 18.Nxf6 Kxf6 19.f4 Qc7
20.fe+ Ke7 21.Ba3+ Ke6 22.Rf6+ Kxe5 23.R1xc6 1-0 Schneider-Hever corr 1979)}
Nbd7 12. cxd5 Nxd5 13. Qd2 Nc5 1/2-1/2

[Event "NatWest Young Masters 2nd"]
[Site "London, Bayswater"]
[Date "1985.09.08"]
[Round "2"]
[White "Wells, Peter K"]
[Black "Norwood, David"]
[Result "1/2-1/2"]
[WhiteElo "2365"]
[BlackElo "2445"]
[PlyCount "94"]
[EventDate "1985.09.07"]
[EventRounds "9"]
[EventCountry "ENG"]
[EventCategory "6"]
[SourceTitle "BritBase"]
[Source "John Saunders"]
[SourceDate "2020.09.07"]
[SourceVersion "1"]
[SourceVersionDate "2020.09.07"]
[SourceQuality "2"]

1. d4 Nf6 2. Nf3 b5 3. Bg5 Bb7 4. Nbd2 a6 5. c3 d6 6. Bxf6 exf6 7. a4 Nd7 8. e3
c6 9. d5 c5 10. axb5 axb5 11. Rxa8 Qxa8 12. Bxb5 Bxd5 13. Nc4 Bc6 14. Bxc6 Qxc6
15. O-O d5 16. Ncd2 Bd6 17. c4 O-O 18. cxd5 Qxd5 19. Nc4 Qxc4 20. Qxd6 Qe6 21.
Qc7 Qd5 22. h3 g6 23. e4 Qd3 24. Ra1 Qb5 25. Ra7 Nb8 26. Rb7 Qc6 27. e5 f5 28.
Qe7 Qe4 29. e6 Qxe6 30. Qxe6 fxe6 31. Ng5 e5 32. Nxh7 Rf7 33. Rxb8+ Kxh7 34.
Rc8 Rb7 35. Rxc5 Rxb2 36. Rxe5 Kg7 37. g3 Kf6 38. Rc5 Kg5 39. Kg2 Ra2 40. Rc6
Rb2 41. Kf3 Rb3+ 42. Kg2 Rb2 43. Rc5 Ra2 44. g4 Ra3 45. gxf5 gxf5 46. Rc8 Kf4
47. Rg8 Ra6 1/2-1/2

[Event "NatWest Young Masters 2nd"]
[Site "London, Bayswater"]
[Date "1985.09.08"]
[Round "2"]
[White "Bradbury, Neil H"]
[Black "Condie, Mark L"]
[Result "0-1"]
[WhiteElo "2335"]
[BlackElo "2405"]
[PlyCount "77"]
[EventDate "1985.09.07"]
[EventRounds "9"]
[EventCountry "ENG"]
[EventCategory "6"]
[SourceTitle "BritBase"]
[Source "John Saunders"]
[SourceDate "2020.09.07"]
[SourceVersion "1"]
[SourceVersionDate "2020.09.07"]
[SourceQuality "2"]

1. d4 Nf6 2. c4 e6 3. Nf3 d5 4. Nc3 Nbd7 5. Bg5 h6 6. Bh4 Be7 7. e3 O-O 8. Rc1
c6 9. Bd3 dxc4 10. Bxc4 b5 11. Bd3 a6 12. O-O c5 13. a3 Bb7 14. Qe2 cxd4 15.
Nxd4 Qb6 16. Bb1 Rac8 17. Rfd1 Ne5 18. f3 Rfd8 19. Bf2 b4 20. axb4 Qxb4 21. Be1
Qc5 22. Ba2 Qa7 23. Bf2 Kh8 24. Rc2 a5 25. Rcd2 Ba6 26. Qe1 Qb7 27. Bg3 Nc4 28.
Bxc4 Bxc4 29. Bf2 Bb4 30. Nc2 Rxd2 31. Qxd2 Bb3 32. Rb1 Bxc2 33. Qxc2 Bxc3 34.
bxc3 Rxc3 35. Qd1 Qc7 36. e4 Rc2 37. Bd4 Nh5 38. Bb6 Qc4 39. Bxa5 {Time} 0-1

[Event "NatWest Young Masters 2nd"]
[Site "London, Bayswater"]
[Date "1985.09.08"]
[Round "2"]
[White "De Wit, Jan"]
[Black "Morrison, Graham"]
[Result "1/2-1/2"]
[WhiteElo "2390"]
[BlackElo "2335"]
[PlyCount "56"]
[EventDate "1985.09.07"]
[EventRounds "9"]
[EventCountry "ENG"]
[EventCategory "6"]
[SourceTitle "BritBase"]
[Source "John Saunders"]
[SourceDate "2020.09.07"]
[SourceVersion "1"]
[SourceVersionDate "2020.09.07"]
[SourceQuality "2"]

1. e4 c5 2. Nf3 d6 3. d4 cxd4 4. Nxd4 Nf6 5. Nc3 e6 6. g4 a6 7. g5 Nfd7 8. Be3
Nc6 9. h4 Nde5 10. f4 Nxd4 11. Bxd4 Nc6 12. Be3 Bd7 13. Bd3 Be7 14. Qf3 Nb4 15.
O-O Qa5 16. a3 Nxd3 17. cxd3 O-O 18. b4 Qc7 19. Rac1 Bc6 20. f5 exf5 21. Nd5
fxe4 22. Qh5 Qd7 23. Nf6+ Bxf6 24. gxf6 Qh3 25. Qg5 g6 26. Qh6 Qg3+ 27. Kh1
exd3+ 28. Rxc6 Qh3+ 1/2-1/2

[Event "NatWest Young Masters 2nd"]
[Site "London, Bayswater"]
[Date "1985.09.08"]
[Round "2"]
[White "Hawksworth, John C"]
[Black "Pein, Malcolm"]
[Result "1-0"]
[WhiteElo "2370"]
[BlackElo "2360"]
[PlyCount "53"]
[EventDate "1985.09.07"]
[EventRounds "9"]
[EventCountry "ENG"]
[EventCategory "6"]
[SourceTitle "BritBase"]
[Source "John Saunders"]
[SourceDate "2020.09.07"]
[SourceVersion "1"]
[SourceVersionDate "2020.09.07"]
[SourceQuality "2"]

1. Nf3 g6 2. g3 Bg7 3. Bg2 Nf6 4. d4 O-O 5. O-O d6 6. c4 Nc6 7. Nc3 a6 8. d5
Na5 9. Nd2 c5 10. Qc2 e5 11. b3 Rb8 12. Bb2 b5 13. Rab1 Bh6 14. f4 exf4 15.
gxf4 Nh5 16. e3 Qe7 17. Nce4 bxc4 18. bxc4 f5 19. Bf6 Nxf6 20. Nxf6+ Rxf6 21.
Rxb8 Qxe3+ 22. Kh1 Rf8 23. Rf3 Qe1+ 24. Nf1 Qe4 25. Qa4 Nb7 26. Re3 Qxf4 27.
Re8 1-0

[Event "NatWest Young Masters 2nd"]
[Site "London, Bayswater"]
[Date "1985.09.08"]
[Round "2"]
[White "Botterill, George Steven"]
[Black "Whiteley, Andrew J"]
[Result "1/2-1/2"]
[WhiteElo "2415"]
[BlackElo "2370"]
[PlyCount "42"]
[EventDate "1985.09.07"]
[EventRounds "9"]
[EventCountry "ENG"]
[EventCategory "6"]
[SourceTitle "BritBase"]
[Source "John Saunders"]
[SourceDate "2020.09.07"]
[SourceVersion "1"]
[SourceVersionDate "2020.09.07"]
[SourceQuality "2"]

1. d4 Nf6 2. c4 g6 3. Nc3 Bg7 4. e4 d6 5. Be2 O-O 6. Bg5 Nbd7 7. Qd2 e5 8. Nf3
c6 9. O-O exd4 10. Nxd4 Nc5 11. Qf4 Qe7 12. Rad1 Qe5 13. Bf3 Re8 14. Qc1 Qe7
15. Bf4 Nfd7 16. h3 Ne5 17. Be2 a5 18. Be3 Ned7 19. Bf3 Ne5 20. Be2 Ned7 21.
Bf3 Ne5 1/2-1/2

[Event "NatWest Young Masters 2nd"]
[Site "London, Bayswater"]
[Date "1985.09.09"]
[Round "3"]
[White "Condie, Mark L"]
[Black "Botterill, George Steven"]
[Result "1-0"]
[WhiteElo "2405"]
[BlackElo "2415"]
[PlyCount "85"]
[EventDate "1985.09.07"]
[EventRounds "9"]
[EventCountry "ENG"]
[EventCategory "6"]
[SourceTitle "BritBase"]
[Source "John Saunders"]
[SourceDate "2020.09.07"]
[SourceVersion "1"]
[SourceVersionDate "2020.09.07"]
[SourceQuality "2"]

1. d4 Nf6 2. Nf3 d6 3. h3 g6 4. Bf4 Bg7 5. e3 O-O 6. Be2 c5 7. c3 b6 8. O-O Bb7
9. Nbd2 Nbd7 10. Re1 Ne4 11. Nxe4 Bxe4 12. Qb3 Nf6 13. Rad1 Qc7 14. c4 Rac8 15.
d5 Bxf3 16. Bxf3 a6 17. e4 Nd7 18. a4 Ne5 19. Be2 e6 20. Be3 exd5 21. cxd5 b5
22. axb5 axb5 23. f4 Nc4 24. Bc1 Rb8 25. Kh1 Rfe8 26. Bf3 Qa5 27. Qc2 Bd4 28.
Re2 Ra8 29. Rde1 Qb6 30. Qd3 Ra1 31. b3 Na5 32. e5 c4 33. bxc4 bxc4 34. Qc2 Qb3
35. Qe4 Bc3 36. Rg1 dxe5 37. d6 Qb5 38. fxe5 Bxe5 39. Qd5 $1 Qxd5 40. Bxd5 Nb3
41. d7 Rd8 42. Rxe5 Rxd7 43. Re8+ 1-0

[Event "NatWest Young Masters 2nd"]
[Site "London, Bayswater"]
[Date "1985.09.09"]
[Round "3"]
[White "Morrison, Graham"]
[Black "Hawksworth, John C"]
[Result "1-0"]
[WhiteElo "2335"]
[BlackElo "2370"]
[PlyCount "73"]
[EventDate "1985.09.07"]
[EventRounds "9"]
[EventCountry "ENG"]
[EventCategory "6"]
[SourceTitle "BritBase"]
[Source "John Saunders"]
[SourceDate "2020.09.07"]
[SourceVersion "1"]
[SourceVersionDate "2020.09.07"]
[SourceQuality "2"]

1. c4 Nf6 2. Nc3 c5 3. Nf3 e6 4. g3 b6 5. Bg2 Bb7 6. O-O Be7 7. Re1 d6 8. e4 a6
9. d4 cxd4 10. Nxd4 Qc7 11. Be3 Nbd7 12. f4 O-O 13. Rc1 Rfe8 14. f5 Bf8 15.
fxe6 fxe6 16. Bh3 Nc5 17. b4 Ncxe4 18. Nxe4 Bxe4 19. Nxe6 Qd7 20. Bd4 Bb7 21.
Nf4 Qc6 22. Bg2 Qd7 23. Bxf6 Bxg2 24. Kxg2 gxf6 25. Nd5 Bg7 26. Qf3 Rab8 27.
Rxe8+ Qxe8 28. Rc2 Kh8 29. Re2 Qc6 30. Re7 Rb7 31. b5 axb5 32. cxb5 Qc8 33. Re2
Qd8 34. Qh5 Rb8 35. Ne7 Qd7 36. Ng6+ Kg8 37. Re7 1-0

[Event "NatWest Young Masters 2nd"]
[Site "London, Bayswater"]
[Date "1985.09.09"]
[Round "3"]
[White "Pein, Malcolm"]
[Black "Bradbury, Neil H"]
[Result "0-1"]
[WhiteElo "2360"]
[BlackElo "2335"]
[PlyCount "72"]
[EventDate "1985.09.07"]
[EventRounds "9"]
[EventCountry "ENG"]
[EventCategory "6"]
[SourceTitle "BritBase"]
[Source "John Saunders"]
[SourceDate "2020.09.07"]
[SourceVersion "1"]
[SourceVersionDate "2020.09.07"]
[SourceQuality "2"]

1. Nf3 Nf6 2. c4 c5 3. Nc3 Nc6 4. g3 g6 5. Bg2 Bg7 6. O-O O-O 7. d4 cxd4 8.
Nxd4 Ng4 9. e3 d6 10. b3 Nxd4 11. exd4 Nh6 12. Bb2 Nf5 13. d5 Bd7 14. a3 a6 15.
Re1 Rc8 16. Rc1 Re8 17. Bh3 h5 18. Kg2 b5 19. cxb5 axb5 20. Bxf5 Bxf5 21. Qd2
Qa5 22. b4 Qa8 23. f3 Qb7 24. h3 Qd7 25. Rh1 Rc5 26. Nd1 Rxc1 27. Bxc1 Rc8 28.
Ne3 Bh6 29. Qe2 Bxh3+ 30. Kf2 Qa7 31. g4 Qd4 32. Kg3 hxg4 33. fxg4 Bxe3 34.
Bxe3 Rc3 35. Kf2 Qf6+ 36. Ke1 Rxe3 0-1

[Event "NatWest Young Masters 2nd"]
[Site "London, Bayswater"]
[Date "1985.09.09"]
[Round "3"]
[White "Norwood, David"]
[Black "De Wit, Jan"]
[Result "1-0"]
[WhiteElo "2445"]
[BlackElo "2390"]
[PlyCount "51"]
[EventDate "1985.09.07"]
[EventRounds "9"]
[EventCountry "ENG"]
[EventCategory "6"]
[SourceTitle "BritBase"]
[Source "John Saunders"]
[SourceDate "2020.09.07"]
[SourceVersion "1"]
[SourceVersionDate "2020.09.07"]
[SourceQuality "2"]

1. g3 c5 2. Bg2 Nc6 3. d3 g6 4. Nf3 Bg7 5. O-O e5 6. Nc3 Nge7 7. Ng5 O-O 8. f4
d6 9. e4 Nd4 10. Nd5 Nxd5 11. exd5 h6 12. Nh3 Bd7 13. c3 Nf5 14. Nf2 Qb6 15.
Kh1 exf4 16. Bxf4 Qxb2 17. Ne4 g5 18. Bd2 Rae8 19. Rb1 Qxa2 20. Ra1 Qb2 21. Rb1
Qa2 22. Rxb7 Bc8 23. Rc7 Re5 24. c4 Nd4 25. Bc3 f5 $2 26. Qh5 $1 1-0

[Event "NatWest Young Masters 2nd"]
[Site "London, Bayswater"]
[Date "1985.09.09"]
[Round "3"]
[White "Whiteley, Andrew J"]
[Black "Wells, Peter K"]
[Result "1/2-1/2"]
[WhiteElo "2370"]
[BlackElo "2365"]
[PlyCount "34"]
[EventDate "1985.09.07"]
[EventRounds "9"]
[EventCountry "ENG"]
[EventCategory "6"]
[SourceTitle "BritBase"]
[Source "John Saunders"]
[SourceDate "2020.09.07"]
[SourceVersion "1"]
[SourceVersionDate "2020.09.07"]
[SourceQuality "2"]

1. d4 Nf6 2. c4 e6 3. Nc3 Bb4 4. Qc2 O-O 5. a3 Bxc3+ 6. Qxc3 b6 7. Bg5 Bb7 8.
e3 d6 9. f3 Nbd7 10. Bd3 c5 11. Ne2 Rc8 12. O-O Ba6 13. b4 cxd4 14. Qxd4 h6 15.
Bh4 d5 16. b5 dxc4 17. Bxc4 e5 1/2-1/2

[Event "NatWest Young Masters 2nd"]
[Site "London, Bayswater"]
[Date "1985.09.10"]
[Round "4"]
[White "Hawksworth, John C"]
[Black "Norwood, David"]
[Result "1-0"]
[WhiteElo "2370"]
[BlackElo "2445"]
[PlyCount "195"]
[EventDate "1985.09.07"]
[EventRounds "9"]
[EventCountry "ENG"]
[EventCategory "6"]
[SourceTitle "BritBase"]
[Source "John Saunders"]
[SourceDate "2020.09.07"]
[SourceVersion "1"]
[SourceVersionDate "2020.09.07"]
[SourceQuality "2"]

1. d4 Nf6 2. c4 e6 3. Nf3 c5 4. d5 exd5 5. cxd5 d6 6. Nc3 g6 7. Bf4 Bg7 8. Qa4+
Nbd7 9. Bxd6 Qb6 10. Qf4 Qxb2 11. Qe3+ Ne4 12. Qxe4+ Ne5 13. Nd1 Qxa1 14. Nxe5
Qd4 15. Qxd4 cxd4 16. e3 Bd7 17. exd4 Rd8 18. Ne3 Ba4 19. Bc7 Rc8 20. d6 f6 21.
Nd3 b6 22. Nf4 Kd7 23. Bc4 Rhe8 24. O-O f5 25. Ne2 b5 26. Bd3 Bf8 27. Nc3 Bxd6
28. Bxd6 Kxd6 29. Nxb5+ Bxb5 30. Bxb5 Re4 31. Rd1 Rb8 32. a4 Rc8 33. Nc4+ Kd5
34. Ne3+ Kd6 35. Kf1 Rc3 36. Ke2 Rc2+ 37. Kf3 Ra2 38. g4 a6 39. Bxa6 Rxa4 40.
Bd3 Rexd4 41. gxf5 g5 42. f6 Ke6 43. Bf5+ Kxf6 44. Rxd4 Rxd4 45. Bxh7 Ra4 46.
Kg3 Ke5 47. Ng2 Ra7 48. Bg6 Ra6 49. Bh5 Ra4 50. Ne3 Kd6 51. f3 Ke5 52. Ng4+ Kf5
53. Nf2 Ke5 54. Ne4 Kf5 55. Bg4+ Kg6 56. h4 gxh4+ 57. Kxh4 Ra3 58. Kg3 Re3 59.
Kf4 Rb3 60. Be6 Rb5 61. Nd6 Ra5 62. Bf5+ Kh5 63. Be4 Rc5 64. Nf7 Rc8 65. Kf5
Rc5+ 66. Kf6 Kh4 67. f4 Kg4 68. f5 Kf4 69. Ng5 Rc3 70. Bd5 Kg4 71. Ne6 Rd3 72.
Bc4 Rg3 73. Be2+ Kh4 74. Ke7 Re3 75. Bd1 Re1 76. Ba4 Ra1 77. Bd7 Rf1 78. f6 Kh5
79. f7 Kg6 80. f8=Q Rxf8 81. Nxf8+ Kg7 82. Bf5 Kh8 83. Kf6 Kg8 84. Ng6 Kh7 85.
Be6 Kh6 86. Bg8 Kh5 87. Ne5 Kh6 88. Ng4+ Kh5 89. Kf5 Kh4 90. Kf4 Kh5 91. Bf7+
Kh4 92. Ne3 Kh3 93. Bg6 Kh2 94. Kf3 Kh3 95. Ng2 Kh2 96. Kf2 Kh3 97. Bf5+ Kh2
98. Ne3 1-0

[Event "NatWest Young Masters 2nd"]
[Site "London, Bayswater"]
[Date "1985.09.10"]
[Round "4"]
[White "Bradbury, Neil H"]
[Black "Morrison, Graham"]
[Result "1-0"]
[WhiteElo "2335"]
[BlackElo "2335"]
[PlyCount "103"]
[EventDate "1985.09.07"]
[EventRounds "9"]
[EventCountry "ENG"]
[EventCategory "6"]
[SourceTitle "BritBase"]
[Source "John Saunders"]
[SourceDate "2020.09.07"]
[SourceVersion "1"]
[SourceVersionDate "2020.09.07"]
[SourceQuality "2"]

1. d4 Nf6 2. c4 e6 3. Nf3 Bb4+ 4. Bd2 Bxd2+ 5. Qxd2 d6 6. Nc3 O-O 7. e4 Nc6 8.
Be2 e5 9. d5 Nb8 10. O-O a5 11. c5 Na6 12. cxd6 cxd6 13. Ne1 Qb6 14. Kh1 Ng4
15. Bxg4 Bxg4 16. Nc2 Bd7 17. Ne3 Nc5 18. Nf5 f6 19. g4 g6 20. Ne3 Qb4 21. f3
Qd4 22. Qe2 Na4 23. Nxa4 Bxa4 24. b3 Bd7 25. Rad1 Qa7 26. Qd2 b5 27. Rc1 Rac8
28. Rg1 Rxc1 29. Rxc1 Rc8 30. Rxc8+ Bxc8 31. Kg2 Bd7 32. Qc3 Kf7 33. h4 Qb6 34.
Kg3 Ke7 35. f4 b4 36. Qd2 exf4+ 37. Kxf4 Qc5 38. g5 fxg5+ 39. hxg5 Qc8 40. Qd4
Qf8+ 41. Kg3 h6 42. e5 hxg5 43. exd6+ Kf7 44. Qe5 Kg8 45. Ng4 Qd8 46. Nh6+ Kh7
47. Nf7 Qc8 48. Nxg5+ Kg8 49. Ne4 Qd8 50. Qf6 Qe8 51. Kf4 Bf5 52. Qe7 1-0

[Event "NatWest Young Masters 2nd"]
[Site "London, Bayswater"]
[Date "1985.09.10"]
[Round "4"]
[White "Condie, Mark L"]
[Black "Pein, Malcolm"]
[Result "1-0"]
[WhiteElo "2405"]
[BlackElo "2360"]
[PlyCount "101"]
[EventDate "1985.09.07"]
[EventRounds "9"]
[EventCountry "ENG"]
[EventCategory "6"]
[SourceTitle "BritBase"]
[Source "John Saunders"]
[SourceDate "2020.09.07"]
[SourceVersion "1"]
[SourceVersionDate "2020.09.07"]
[SourceQuality "2"]

1. d4 g6 2. e4 d6 3. c3 Bg7 4. Bd3 Nf6 5. Nf3 Nc6 6. Bg5 h6 7. Bh4 Nh5 8. O-O
g5 9. Bg3 e6 10. Re1 O-O 11. Qe2 f5 12. exf5 exf5 13. d5 Nxg3 14. hxg3 Ne5 15.
Nd4 Qf6 16. Nd2 Bd7 17. f4 Nxd3 18. Qxd3 Rfe8 19. N2f3 c6 20. Qc4 Qf7 21. fxg5
Re4 22. Qb4 c5 23. Qxb7 Rae8 24. Nc2 R8e7 25. Qb8+ Qf8 26. Qxf8+ Kxf8 27. Rxe4
Rxe4 28. Re1 Ra4 29. a3 Rg4 30. gxh6 Bxh6 31. Kf2 Kf7 32. Ne3 Rg6 33. Nc4 Bb5
34. Nfd2 f4 35. gxf4 Bxf4 36. Kf3 Bh6 37. g3 Bf8 38. Re4 Bh6 39. Kg2 Rf6 40. b3
Rg6 41. a4 Bd7 42. Re1 Bf8 43. Ne4 Be7 44. Nxc5 Bc8 45. Nd3 Bg5 46. Rf1+ Ke7
47. Nf4 Rg8 48. Re1+ Kd7 49. Kf2 Bf6 50. Re3 Ba6 51. Nxd6 1-0

[Event "NatWest Young Masters 2nd"]
[Site "London, Bayswater"]
[Date "1985.09.10"]
[Round "4"]
[White "De Wit, Jan"]
[Black "Whiteley, Andrew J"]
[Result "1-0"]
[WhiteElo "2390"]
[BlackElo "2370"]
[PlyCount "59"]
[EventDate "1985.09.07"]
[EventRounds "9"]
[EventCountry "ENG"]
[EventCategory "6"]
[SourceTitle "BritBase"]
[Source "John Saunders"]
[SourceDate "2020.09.07"]
[SourceVersion "1"]
[SourceVersionDate "2020.09.07"]
[SourceQuality "2"]

1. e4 e6 2. d4 d5 3. Nd2 Nf6 4. e5 Nfd7 5. Bd3 c5 6. c3 Nc6 7. Ngf3 cxd4 8.
cxd4 Nb6 9. O-O Bd7 10. a3 a5 11. b3 Be7 12. Re1 O-O 13. Bb2 a4 14. b4 Na7 15.
Rc1 Bb5 16. Bb1 Rc8 17. Rc5 Bxc5 18. dxc5 Nc4 19. Qc2 g6 20. Nxc4 dxc4 21. Nd2
b6 22. cxb6 Qxb6 23. Ne4 Kg7 24. Qd2 Rcd8 25. Qf4 Rd4 26. Bc1 Rxe4 27. Bxe4 Kg8
28. Be3 Qc7 29. Qf6 Nc6 30. Bxc6 1-0

[Event "NatWest Young Masters 2nd"]
[Site "London, Bayswater"]
[Date "1985.09.10"]
[Round "4"]
[White "Botterill, George Steven"]
[Black "Wells, Peter K"]
[Result "1/2-1/2"]
[WhiteElo "2415"]
[BlackElo "2365"]
[PlyCount "47"]
[EventDate "1985.09.07"]
[EventRounds "9"]
[EventCountry "ENG"]
[EventCategory "6"]
[SourceTitle "BritBase"]
[Source "John Saunders"]
[SourceDate "2020.09.07"]
[SourceVersion "1"]
[SourceVersionDate "2020.09.07"]
[SourceQuality "2"]

1. e4 c6 2. d4 d5 3. exd5 cxd5 4. c4 Nf6 5. Nc3 e6 6. Nf3 Bb4 7. cxd5 exd5 8.
Be2 Ne4 9. O-O Bxc3 10. bxc3 O-O 11. Bd2 b6 12. Ne5 Ba6 13. Bxa6 Nxa6 14. f3
Nxd2 15. Qxd2 Rc8 16. Rfe1 Nb8 17. Re3 Nc6 18. Nxc6 Rxc6 19. Rae1 Qc8 20. Re7
Rxc3 21. Rxa7 h6 22. Qf4 Rd3 23. Rc7 Rxd4 24. Qxf7+ 1/2-1/2

[Event "NatWest Young Masters 2nd"]
[Site "London, Bayswater"]
[Date "1985.09.11"]
[Round "5"]
[White "Wells, Peter K"]
[Black "De Wit, Jan"]
[Result "1-0"]
[WhiteElo "2365"]
[BlackElo "2390"]
[PlyCount "77"]
[EventDate "1985.09.07"]
[EventRounds "9"]
[EventCountry "ENG"]
[EventCategory "6"]
[SourceTitle "BritBase"]
[Source "John Saunders"]
[SourceDate "2020.09.07"]
[SourceVersion "1"]
[SourceVersionDate "2020.09.07"]
[SourceQuality "2"]

1. d4 Nf6 2. Nf3 g6 3. c4 Bg7 4. Nc3 d5 5. cxd5 Nxd5 6. e4 Nxc3 7. bxc3 c5 8.
Rb1 O-O 9. Be2 Nc6 10. d5 Ne5 11. Nxe5 Bxe5 12. Qd2 e6 13. f4 Bg7 14. c4 exd5
15. cxd5 Bd4 16. Bb2 Qb6 $1 17. g4 Re8 18. e5 Qd8 19. Bxd4 Qxd5 20. O-O Rd8 21.
f5 Qxd4+ 22. Qxd4 Rxd4 23. e6 gxf5 24. gxf5 fxe6 25. f6 Rd5 26. h4 Kf7 27. Rbd1
Rf5 28. Rd8 Rxf1+ 29. Bxf1 Kxf6 30. Kf2 b5 31. Bg2 Rb8 32. Ke3 a5 33. Rh8 b4
34. Bc6 c4 35. Kd2 b3 36. axb3 cxb3 37. Kc1 b2+ 38. Kb1 e5 39. Bd7 {Time} 1-0

[Event "NatWest Young Masters 2nd"]
[Site "London, Bayswater"]
[Date "1985.09.11"]
[Round "5"]
[White "Norwood, David"]
[Black "Bradbury, Neil H"]
[Result "1-0"]
[WhiteElo "2445"]
[BlackElo "2335"]
[PlyCount "61"]
[EventDate "1985.09.07"]
[EventRounds "9"]
[EventCountry "ENG"]
[EventCategory "6"]
[SourceTitle "BritBase"]
[Source "John Saunders"]
[SourceDate "2020.09.07"]
[SourceVersion "1"]
[SourceVersionDate "2020.09.07"]
[SourceQuality "2"]

1. c4 c5 2. Nc3 Nc6 3. d3 g6 4. e4 Bg7 5. f4 d6 6. Nf3 e6 7. g4 Nd4 8. Bg2 h5
9. g5 Ne7 10. O-O Bd7 11. Kh1 Bc6 12. Nxd4 Bxd4 13. Ne2 Bg7 14. Rb1 d5 15. cxd5
exd5 16. f5 gxf5 17. exf5 Be5 18. d4 cxd4 19. Nxd4 Qd6 20. Nf3 Bg3 21. hxg3 h4
22. Qd4 O-O-O 23. Bf4 hxg3+ 24. Kg1 Nxf5 25. Bxd6 Nxd4 26. Nxd4 Rxd6 27. Rxf7
Rg6 28. Re1 Rxg5 29. Nxc6 bxc6 30. Bh3+ Kb8 31. Ree7 1-0